000
00204nam a22000857a 4500
001
1254109
005
20251104152301.0
245
_a
YEDİLERİN GİZEMİ
_c
AGATHA CHRISTIE
260
_b
ALTIN KİTAPLAR YAYINLARI
999
_c
1254109
_d
1254109